| 000 | 00380 a2200133 4500 | ||
|---|---|---|---|
| 003 | Nust | ||
| 005 | 20170207161535.0 | ||
| 040 | _cNust | ||
| 082 | _a799 | ||
| 245 |
_aNCIA- 2013 2nd Day (Closing) Photographs 2013 (Softcopy) _cMCS |
||
| 260 |
_aRawalpindi _bMCS _c12-12-2013 |
||
| 650 | _aPictures of NCIA- 2013 2nd Day (Closing) Photographs 2013 (NCIA- 2013-CD) | ||
| 651 | _aSweet Memories-MCS | ||
| 942 | _cBK | ||
| 999 |
_c203864 _d203864 |
||